Movies Quiz

Random Movies or Pixar Quiz

Pixar Bunker Quiz Stats

 Plays Quiz Updated Aug 11, 2014

     
Support Sporcle.
Go Orange.
Score 0/15 Timer 05:00
65 Plays Today
Question Answer % Correct
????
100%
????
96.2%
????
91.3%
????
89.3%
????
88%
????
77.9%
????
63.4%
????
57.9%
Question Answer % Correct
????
51.9%
????
36.9%
????
33.6%
????
22.8%
????
17.6%
????
10%
????
5.6%

From the Vault

True or False Blitz: Holiday

by Smeddlesboy

Holiday 2m
Alternate quiz title: 'True or False Blitzen.'
Remove Ads.
Support Sporcle.
Get the best of Sporcle when you Go Orange. This ad-free experience offers more features, more stats, and more fun while also helping to support Sporcle. Thank you for becoming a member.

Show Comments

Extras

Top Quizzes Today


Score Distribution

Your Account Isn't Verified!

In order to create a playlist on Sporcle, you need to verify the email address you used during registration. Go to your Sporcle Settings to finish the process.

Report this User

Report this user for behavior that violates our Community Guidelines.

Details: